LEADER 01147nam0 2200325 450 001 000024412 005 20090123130858.0 010 $a88-06-59408-7 100 $a20090123d1987----km-y0itaa50------ba 101 0 $aita 102 $aIT 200 1 $aProblemi di etica$fErnst Tugendhat$ged. italiana a cura di Anna Maria Marietta 210 $aTorino$cEinaudi$dc1987 215 $aXVI, 138 p.$d22 cm 225 2 $aBiblioteca di cultura filosofica$v48 304 $aTit. orig.: Probleme der Ethik 410 1$12001$aBiblioteca di cultura filosofica$v48 606 1 $aMorale 676 $a170$v(21. ed.)$9Etica (Filosofia Morale) 700 1$aTugendhat,$bErnst$0152453 702 1$aMarietti,$bAnna Maria 801 0$aIT$bUniversità della Basilicata - B.I.A.$gRICA$2unimarc 912 $a000024412 996 $aProbleme der Ethik$921050 997 $aUNIBAS BAS $aLETTERE CAT $aEXT10$b01$c20090123$lBAS01$h1308 CAT $aEXT10$b01$c20090123$lBAS01$h1308 FMT Z30 -1$lBAS01$LBAS01$mBOOK$1BASA1$APolo Storico-Umanistico$2FMAS$BFondo Masini$3FMas/817/1158$6817/1158$5B817/1158$820090123$f04$FPrestabile Didattica